| 000 | 00421nam a2200145Ia 4500 | ||
|---|---|---|---|
| 008 | 231129s2000||||xx |||||||||||||| ||spa|| | ||
| 020 | _a958-9172-54-7 | ||
| 040 | _bspa | ||
| 082 | _aCo863.08 P438a | ||
| 100 | _aPerez Sastre Paloma | ||
| 245 | 0 | _aAntologia de escritoras antioquenas 1919-1951 | |
| 260 | _c2000 | ||
| 264 | _aImprenta Departamental de Antioquia | ||
| 942 |
_2ddc _cBKS |
||
| 999 |
_c5263 _d5263 |
||